Geography Quiz

Random Geography or City Quiz
Score 0/26 Timer 06:00
1 Play Today
Hint Answer % Correct
AfricaTripoli
88.4%
EuropeHelsinki
87.7%
AsiaTbilisi
86.6%
AsiaSochi
83.7%
AsiaKarachi
83%
North AmericaCorpus Christi
82.7%
AsiaTaipei
79.8%
EuropeThessaloniki
78.5%
AsiaShanghai
78.2%
North AmericaCincinnati
77.1%
AfricaNairobi
76.3%
AfricaKigali
74.1%
AsiaDili
66.1%
Hint Answer % Correct
North AmericaMiami
64.9%
AfricaBangui
62.5%
AfricaBenghazi
61%
EuropeBari
52.4%
North AmericaChili
51.9%
North AmericaBiloxi
34.8%
South AmericaCali
31.6%
North AmericaPotosí
30.1%
AfricaLubumbashi
29.4%
EuropeKayseri
20.8%
EuropeRimini
20.2%
EuropeLahti
12.1%
OceaniaWhangarei
6.4%

You're not logged in!

Compare scores with friends on all Sporcle quizzes.
OR
Log In

Sporcle TV

Today on Sporcle TV


Watch our educational content, quiz creation guides, and fun videos on Sporcle TV.

Show Comments

Extras

Created Nov 3, 2013ReportNominate
Tags:City Quiz, Ending

Top Quizzes Today


Score Distribution

Paid Content

Your Account Isn't Verified!

In order to create a playlist on Sporcle, you need to verify the email address you used during registration. Go to your Sporcle Settings to finish the process.

Report this User

Report this user for behavior that violates our Community Guidelines.

Details: